| 000 | 00673nam a2200193Ii 4500 | ||
|---|---|---|---|
| 003 | JO-AjNU | ||
| 008 | 230605s9999||||xx |||||||||||||| ||und|| | ||
| 040 |
_aJO-AjNU _bara _erda _cJO-AjNU |
||
| 041 | _aara | ||
| 050 | 1 | 4 | _aLB1027.M65 |
| 100 | 3 |
_aمورقان،كليفورد ت مؤلف/ديز،جيمس م.مشارك/جميل،فؤاد مترجم/حوراني،يوسف مراجع, _eauthor _913278 |
|
| 245 | 0 | 0 | _aفن الدراسة |
| 264 | 3 | 1 | _aبيروت:دار مكتبة الحياة |
| 300 | _a286ص | ||
| 336 |
_atext _btxt _2rdacontent |
||
| 337 |
_aunmediated _bn _2rdamedia |
||
| 338 |
_avolume _bnc _2rdacarrier |
||
| 650 | 4 |
_aالدراسة-تعليم _913279 |
|
| 999 |
_aA3264 _c6832 _d6832 |
||